The noble scholar, jurist, historian


 His Excellency Dr. Abdul Wahhab bin Ibrahim Abu Sulaiman, may Allah have mercy on him.


 He was born in Umm Al-Qura in the year 1356 AH.

عقيدة الدروز : (Record no. 11729)

MARC details
000 -LEADER
fixed length control field 03068cam a2200361 i 4500
003 - CONTROL NUMBER IDENTIFIER
control field SA-RiAUC
005 - DATE AND TIME OF LATEST TRANSACTION
control field 20250915053151.0
008 - FIXED-LENGTH DATA ELEMENTS--GENERAL INFORMATION
fixed length control field 250913s1980 jo g b 00000 ara c
024 0# - OTHER STANDARD IDENTIFIER
Standard number or code 00000000874103
040 ## - CATALOGING SOURCE
Original cataloging agency SA-RiAUC
Language of cataloging ara
Transcribing agency SA-RiAUC
Modifying agency AE-DuMBRL
Description conventions rda
082 04 - DEWEY DECIMAL CLASSIFICATION NUMBER
Classification number 247.98
Assigning agency SA-RiAUC
090 ## - LOCALLY ASSIGNED LC-TYPE CALL NUMBER (OCLC); LOCAL CALL NUMBER (RLIN)
Classification number (OCLC) (R) ; Classification number, CALL (RLIN) (NR) 247.98
Local cutter number (OCLC) ; Book number/undivided call number, CALL (RLIN) خ ط ي
100 1# - MAIN ENTRY--PERSONAL NAME
Personal name الخطيب، محمد أحمد،
Dates associated with a name 1951-
Relator term مؤلف.
245 10 - TITLE STATEMENT
Title عقيدة الدروز :
Remainder of title عرض ونقض /
Statement of responsibility, etc. تأليف محمد أحمد الخطيب.
250 ## - EDITION STATEMENT
Edition statement الطبعة الأولى.
264 #1 - PRODUCTION, PUBLICATION, DISTRIBUTION, MANUFACTURE, AND COPYRIGHT NOTICE
Place of production, publication, distribution, manufacture عمان، الأردن :
Name of producer, publisher, distributor, manufacturer مكتبة الأقصى،
Date of production, publication, distribution, manufacture, or copyright notice 1980.
264 #3 - PRODUCTION, PUBLICATION, DISTRIBUTION, MANUFACTURE, AND COPYRIGHT NOTICE
Place of production, publication, distribution, manufacture عمان، الأردن :
Name of producer, publisher, distributor, manufacturer جمعية عمال المطابع التعاونية
300 ## - PHYSICAL DESCRIPTION
Extent 286 صفحة ؛
Dimensions 24 × 17 سم
336 ## - CONTENT TYPE
Content type term نص
Content type code txt
Source rdacontent
Materials specified كتاب
337 ## - MEDIA TYPE
Media type term بدون وسيط
Media type code n
Source rdamedia
338 ## - CARRIER TYPE
Carrier type term مجلد
Carrier type code nc
Source rdacarrier
504 ## - BIBLIOGRAPHY, ETC. NOTE
Bibliography, etc. note ببليوجرافية : صفحة 274-286.
520 ## - SUMMARY, ETC.
Summary, etc. بدأ المؤلف (محمد أحمد الخطيب) كتابه (عقيدة الدروز : عرض ونقض) بمقدمة تمهيدية حول نشأة الدروز وصلتهم بالإسماعيلية الباطنية، ثم تحدث عن شخصية الحاكم بأمر الله، وأثرها في عقيدة الدروز، وأشهر دعاة الدروز وآراؤهم، ثم تناول عقيدة الدروز، وقام بالرد عليها، ثم تحدث عن شريعة الدروز وتقسيم المجتمع عندهم، وموقفهم من الأديان والفرق الأخرى، وبذلك ختم الكتاب.
650 #7 - SUBJECT ADDED ENTRY--TOPICAL TERM
Topical term or geographic name entry element الإسماعيلية (فرقة إسلامية)
Source of heading or term aucsh
650 #7 - SUBJECT ADDED ENTRY--TOPICAL TERM
Topical term or geographic name entry element الفرق الإسلامية
Source of heading or term aucsh
650 #7 - SUBJECT ADDED ENTRY--TOPICAL TERM
Topical term or geographic name entry element عقائد الشيعة
Source of heading or term aucsh
650 #7 - SUBJECT ADDED ENTRY--TOPICAL TERM
Topical term or geographic name entry element الدروز
General subdivision حياة دينية
Source of heading or term aucsh
653 ## - INDEX TERM--UNCONTROLLED
Uncontrolled term الديانات
856 ## - ELECTRONIC LOCATION AND ACCESS
Uniform Resource Identifier <a href="http://saaid.net/book/open.php?cat=89&book=1144">http://saaid.net/book/open.php?cat=89&book=1144</a>
Link text External Link
Access method نرجو الانتباه لإمكانية وجود اختلاف في الطبعة أو الناشر بين البيانات على البوابة وما ستجده على الكتاب نظرا لمحدودية المعلومات المتاحة على الموقع الناشر للمادة.
Materials specified Please note that there may be a difference in the edition or publisher between the data on the portal and the book due to the limited information available on the publisher website for the material.
856 ## - ELECTRONIC LOCATION AND ACCESS
Uniform Resource Identifier <a href="http://saaid.net/book/2/567.zip">http://saaid.net/book/2/567.zip</a>
Link text Digital Copy
Access method نرجو الانتباه لإمكانية وجود اختلاف في الطبعة أو الناشر بين البيانات على البوابة وما ستجده على الكتاب نظرا لمحدودية المعلومات المتاحة على الموقع الناشر للمادة.
Materials specified Please note that there may be a difference in the edition or publisher between the data on the portal and the book due to the limited information available on the publisher website for the material.
942 ## - ADDED ENTRY ELEMENTS (KOHA)
Source of classification or shelving scheme Dewey Decimal Classification
Koha item type Books
Suppress in OPAC No
949 ## - LOCAL PROCESSING INFORMATION (OCLC)
a SA-JeALM
d 250913
u mohamedma123
n 1
Holdings
Withdrawn status Lost status Source of classification or shelving scheme Damaged status Not for loan Home library Current library Date acquired Total checkouts Full call number Barcode Date last seen Price effective from Koha item type
    Dewey Decimal Classification     DR AbdElwahab Library DR AbdElwahab Library 09/15/2025   247.98 خ ط ي 000018918 09/15/2025 09/15/2025 Books